Bytový a občiansky súbor stavieb DEVÍNSKA NOVÁ VES - Pod srdcom

Enregistré dans:
Détails bibliographiques
Auteur principal: Samec, Richard (Auteur)
Autres auteurs: Petro, Marek (Directeur de thèse)
Format: Manuscrit Livre
Langue:slovaque
Publié: 2025
Sujets:
Accès en ligne:http://is.stuba.sk/zp/portal_zp.pl?podrobnosti=184594
CRZP
Tags: Ajouter un tag
Pas de tags, Soyez le premier à ajouter un tag!

MARC

LEADER 00000ntm a22000003a 4500
001 stuzp105382
003 SK-STU
005 20250731151944.4
007 ta
008 150427s2015----xo-----f-mn---000-0-slo-d
040 |a STU  |b slo 
041 0 |a slo 
100 1 |a Samec, Richard  |u 010270  |4 aut  |U SvF Stavebná fakulta  |T SvF Katedra technológie stavieb  |X 109971  |U V270  |Y 28  |7 109971 
242 0 1 |a Residential and civil complex of buildings DEVÍNSKA NOVÁ VES - Under the heart  |y eng 
245 1 0 |a Bytový a občiansky súbor stavieb DEVÍNSKA NOVÁ VES - Pod srdcom 
260 |c 2025 
650 4 |a bored piles  |2 eng 
650 4 |a technological procedure  |2 eng 
650 4 |a construction schedule  |2 eng 
650 4 |a finishing works  |2 eng 
650 4 |a structural framework  |2 eng 
650 4 |a construction site setup  |2 eng 
650 4 |a technologický predpis  |2 slo 
650 4 |a časový plán  |2 slo 
650 4 |a dokončovacie procesy  |2 slo 
650 4 |a hrubá stavba  |2 slo 
650 4 |a zariadenie staveniska  |2 slo 
650 4 |a vŕtané pilóty  |2 slo 
700 1 |a Petro, Marek  |u 010270  |k Z8  |4 ths  |U SvF Stavebná fakulta  |T SvF Katedra technológie stavieb  |X 18958  |U V270  |Y 28  |7 A000018958 
856 4 |u http://is.stuba.sk/zp/portal_zp.pl?podrobnosti=184594 
856 4 |u https://opac.crzp.sk/?fn=detailBiblioForm&sid=BBB70232DB8D19E5FF27B5DCF3EF  |z CRZP